00748nam a2200181 a 450000100100000000500170001000800410002702000150006804000250008310000310010824501470013926000460028630000360033250400320036871000440040095201050044499900170054900004234220201002040106.0131127s2003 sp ac 000 0 spa d a8481812730 aDO-SdBNPbspacBNPHU1 aBrachetti, Ángela96940713aEl año en Fiestas :bla convivencia con los dioses en los Andes del Péru, textoy fotografías deÁngela Brachetti /cÁngela Brachetti. a[Madrid] :bMinisterio de Cultura,c2003. a260 p. :bil., retrs. ;c32 cm. aBibliografía : p. 255-2602 aMinisterio de Cultura (España)969408 001050718MOaGRbGRcCTd2013-11-27iLF1l0o p42342-10r2020-06-25w2020-06-25y1ZNo se presta c41831d41831